| 000 | 01196nam0a22002891 4500 | ||
|---|---|---|---|
| 001 | rc\91095 | ||
| 005 | 20250620175600.0 | ||
| 010 |
_a5-8317-0113-1 _bАО "КРОН-пресс" _925000 |
||
| 035 | _a(NLR Aleph) 005357375 | ||
| 090 |
_a6861437 _c6861437 |
||
| 100 | _a20021216d1994 |||y0rusy50 ca | ||
| 101 | 0 | _arus | |
| 102 | _aRU | ||
| 105 | _aa ||||||||| | ||
| 200 | 1 |
_aНовые наказания для Софи _fСофи де Реан |
|
| 210 |
_aМ. _cПреображение _d1994 |
||
| 215 |
_a283, [2] с. _cил. _d17 |
||
| 225 | 1 | _aДля искушенного читателя | |
| 300 | _aНа обл. авт. не указан | ||
| 423 | 0 |
_12001#$aНаказание$e[Пер. с фр.]$fЛафонт Ксавьер$g[К сб. в целом: Худож. В. Дунько] _1700#1$aКсавьер$bЛ.$gЛафонт _tНаказание _aКсавьер, Лафонт |
|
| 604 |
_1700#1$aКсавьер$bЛ.$gЛафонт _150010$aНаказание$2psbo _aКсавьер, Лафонт _tНаказание |
||
| 700 | 1 |
_aРеан _bС. де _gСофи де |
|
| 801 | 0 |
_aRU _bNLR _gpsbo |
|
| 801 | 1 |
_aRU _bELAR _2rusmarc |
|
| 852 |
_aNLR _j94-2/639 |
||
| 942 | _cBOOK | ||
| 980 | _aNB | ||